Statistiques concernant Capitales mondiales les plus proches d'Alger

Cliquez ici pour prendre le quiz!

Statistiques générales

  • Ce quiz a été pris 117 fois
  • Le résultat moyen est 14 sur 20

Statistiques - réponses

kmcapitale% Correct
631Tunis
98%
720Madrid
96%
953Rabat
95%
993Rome
91%
1017Tripoli
88%
1100Lisbonne
87%
1352Paris
85%
863Monaco
77%
990Vatican
74%
658Andorre-
la-Vieille
73%
1195Berne
72%
1026La Valette
71%
1125Saint-Marin
71%
1476Zagreb
57%
1407Ljubljana
47%
1520Sarajevo
47%
1457Luxembourg
45%
1275Vaduz
45%
1522Podgorica
37%
1531Londres
25%

Distribution des résultats

Percentile par nombre de réponses

% des personnes avec chaque résultat

Votre développement - résultats

Vous n’avez pas pris ce quiz